000 004320000a22001690004500
003 MACL
005 20160101130023.0
008 160101b xxu||||| |||| 00| 0 eng d
040 _aMACL
_cMACL
041 _aEnglish
082 _a338.9/GHO
100 _aGhosh, O K
_925549
245 _aProblems of Economic Planning In India
260 _bKitabistan
_c1957
_aAllahabad
650 _aEconomics
_926299
942 _cBK
_k338.9/GHO
_2ddc
999 _c34601
_d34601